|
|
|
|
| LEADER |
00000nam a22000007a 4500 |
| 005 |
20130114165723.0 |
| 007 |
cr|||| |||| |
| 008 |
130114e2012 sp |||||s|||| 00|| spa d |
| 020 |
|
|
|a 978-84-15454-63-2
|
| 035 |
|
|
|a 6963
|
| 040 |
|
|
|a VLex
|
| 090 |
|
|
|c 3513
|d 3513
|
| 100 |
1 |
0 |
|a Garca̕ Vilardell, Mara̕ Rosa
|
| 245 |
1 |
0 |
|a Iglesia Catl̤ica y medio ambiente
|h [Recurso electrn̤ico] /
|c Mara̕ Rosa Garca̕ Vilardell
|
| 256 |
|
|
|a Servicio en ln̕ea
|
| 260 |
|
|
|a Madrid :
|b Dykinson,
|c 2012
|
| 300 |
|
|
|a 1 Recurso electrn̤ico
|
| 650 |
0 |
4 |
|a Medio ambiente
|
| 650 |
0 |
4 |
|a Filosofa̕ y religin̤
|
| 740 |
|
|
|a VLex Libros (Servicio en ln̕ea)
|
| 856 |
|
|
|a Acceso restringido
|u http://www.vlex.com/source/6963
|
| 942 |
|
|
|c BOOK
|
| 999 |
|
0 |
|a Environnement
|
| 999 |
|
0 |
|a Philosophy and religion
|